Tilastot visalle Sanat - "Yksi ruusu on kasvanut laaksossa"

Klikkaa tästä pelataksesi tätä visaa!

Yleistilastot

  • Tätä visaa on pelattu 21 kertaa
  • Keskiarvotulos 46 / 55

Vastaustilastot

Vastaus% Oikein
Ja
100%
ja
100%
ja
100%
kasvanut
100%
kauniisti
100%
kukoistaa
100%
laaksossa
100%
on
100%
on
100%
on
100%
on
100%
on
100%
ruusu
100%
se
100%
yksi
100%
Yksi
100%
yksi
100%
kulkijapoika
93%
kulkijapoika
93%
nähnyt
93%
nähnyt
93%
sen
93%
sen
93%
sen
93%
ei
87%
ei
87%
eikä
87%
eikä
87%
sitä
87%
sitä
87%
unhoittaa
87%
unhoittaa
87%
voi
87%
voi
87%
hän
73%
jättänyt
73%
jättänyt
73%
mutta
73%
mutta
73%
paikoilleen
73%
paikoilleen
73%
poiminut
73%
vaan
73%
vaan
73%
köyhänä
67%
köyhänä
67%
kyllä
67%
ole
67%
ole
67%
olisi
67%
tohtinut
67%
tohtinut
67%
painanut
60%
povelleen
60%
myös
7%

Tulosjakauma

Persentiili vastausten määrän mukaan

Jokaisen tuloksen saaneiden osuus

Tuloshistoriasi

Et ole pelannut tätä visaa